00426nam a2200169Ia 450000500170000000800410001702000090005804000190006704100120008608200170009810000200011524500520013526000310018730000100021865000180022885000100024620230324090845.0131103s9999 xx 000 0 und d cRs.5 aLoreto College aEnglish a891.442bBAS aBasu, Buddhadeb aKolkatar ilectra o sattyasandhacBuddhadeb Basu aKolkatabAnanda pub.c1968 a70p.  aBengali Drama aLCLIB